Normal view
MARC view
- الاوراق التجارة -- قوانين وتشريعات --الاردن -- البنوك -- قوانين وتشريعات -- القانون المقارن
Entry Topical Term
001 - CONTROL NUMBER
- control field: 31921
003 - CONTROL NUMBER IDENTIFIER
- control field: JO-AjAnu
005 - DATE AND TIME OF LATEST TRANSACTION
- control field: 20230606075353.0
008 - FIXED-LENGTH DATA ELEMENTS
- fixed length control field: 230606|| aca||aabn | a|a d
040 ## - CATALOGING SOURCE
- Original cataloging agency: JO-AjAnu
- Transcribing agency: JO-AjAnu
150 ## - HEADING--TOPICAL TERM
- Topical term or geographic name entry element: الاوراق التجارة -- قوانين وتشريعات --الاردن -- البنوك -- قوانين وتشريعات -- القانون المقارن
670 ## - SOURCE DATA FOUND
- Source citation: Work cat.: (JO-AjAnu)16390: محمد بني مقداد ، محمد علي , author 31920, الاوراق التجارية / سند السحب السند لأمر ( الكمبيالة ) الشيك في ضوء قانون التجارة الاردني " دراسة مقارنة "